| 000 | 01066cad a22002775a 4500 | ||
|---|---|---|---|
| 001 | E151714 | ||
| 008 | 101206s2010 xxk f 100 0 eng d | ||
| 020 | _a9781842196199 | ||
| 035 | _a(Sirsi) u151714 | ||
| 041 | 0 | _aeng | |
| 100 | 1 | _aLove, Peter E. D. | |
| 111 | 2 |
_aConstruction and Building Research Conference _cDauphine Universite, Paris _d2-3 September 2010 |
|
| 245 | 0 | 0 |
_aBurning down the house _bburnout and sense of coherence among real estate agents _h[electronic resource] |
| 260 |
_aLondon _bRICS _c2010 |
||
| 520 | _aA paper presented at the COBRA Conference in Paris on 2-3 September 2010. | ||
| 590 | _aKA | ||
| 650 | 2 | 4 | _aCONSTRUCTION AND BUILDING RESEARCH CONFERENCE (COBRA) |
| 651 | 4 | _aInternational | |
| 690 | _aPROPERTY-PROPERTY AGENCY | ||
| 690 | _aMANAGEMENT-BUSINESS MANAGEMENT-HUMAN RESOURCE MANAGEMENT | ||
| 700 | 1 | _aGoh, Yang Miang | |
| 700 | 1 | _aHogg, Keith | |
| 700 | 1 | _aRobson, Simon | |
| 856 | 4 | 0 |
_uhttps://www.rics.org/site/scripts/download_info.aspx?fileID=8097&categoryID=720 _zBroken link - not available |
| 942 | _n0 | ||
| 999 |
_c111562 _d111562 |
||